[Event "Lillestrom CC-ch"]
[Site "Lillestrom"]
[Date "2018.09.17"]
[Round "2"]
[White "Ringstad, Age"]
[Black "Wahl, Terje"]
[Result "1-0"]
[WhiteElo "1441"]
[BlackElo "1285"]
[PlyCount "83"]
[EventDate "2018.09.10"]
[EventType "swiss"]
[EventRounds "9"]
[EventCountry "NOR"]
[SourceTitle "EXT 2024"]
[Source "ChessBase"]
[SourceDate "2023.10.10"]
[SourceVersion "1"]
[SourceVersionDate "2023.10.10"]
[SourceQuality "1"]

1. d4 Nf6 2. Nf3 d6 3. e3 Nbd7 4. Bd3 e5 5. 0-0 Be7 6. dxe5 dxe5 7. Bf5 0-0 8. Bxd7 Nxd7 9. Qe2 Re8 10. Rd1 Bd6 11. b3 Nf6 12. e4 Bg4 13. Bg5 h6 14. Bh4 g5 15. Bg3 Nh5 16. h3 Bxf3 17. Qxf3 Nxg3 18. fxg3 Rf8 19. Nd2 Qe7 20. Nc4 Bc5+ 21. Kh2 Rad8 22. c3 Rxd1 23. Rxd1 f6 24. b4 Bb6 25. a4 a6 26. Qf5 Rd8 27. Qg6+ Kh8 28. Qxh6+ Kg8 29. Qg6+ Kh8 30. Rxd8+ Qxd8 31. Nxb6 cxb6 32. Qf5 Kg7 33. h4 gxh4 34. gxh4 a5 35. b5 Qd3 36. Qf3 Qc4 37. h5 Qxa4 38. Qg4+ Kf8 39. h6 f5 40. Qg7+ Ke8 41. h7 Qxe4 42. h8Q# 1-0

[Event "Lillestrom CC-ch"]
[Site "Lillestrom"]
[Date "2018.09.10"]
[Round "1"]
[White "Rekkedal, Fredrik"]
[Black "Ringstad, Age"]
[Result "1-0"]
[WhiteElo "1826"]
[BlackElo "1441"]
[PlyCount "93"]
[EventDate "2018.09.10"]
[EventType "swiss"]
[EventRounds "9"]
[EventCountry "NOR"]
[SourceTitle "EXT 2024"]
[Source "ChessBase"]
[SourceDate "2023.10.10"]
[SourceVersion "1"]
[SourceVersionDate "2023.10.10"]
[SourceQuality "1"]

1. d4 Nf6 2. c4 e6 3. Nc3 Bb4 4. e3 0-0 5. Bd3 b6 6. Nf3 Bb7 7. 0-0 d6 8. Qe2 Bxc3 9. bxc3 c5 10. e4 Re8 11. e5 dxe5 12. dxe5 Nfd7 13. Ng5 g6 14. f4 Nc6 15. Be3 Ne7 16. g4 Nf8 17. Be4 Rb8 18. Bxb7 Rxb7 19. Ne4 Kg7 20. Rad1 Qb8 21. Nd6 Nd7 22. Qf3 Rc7 23. Nxe8+ Qxe8 24. Rd6 Nc8 25. Rd3 Qe7 26. Bf2 f6 27. Bh4 Qf7 28. Qe4 f5 29. gxf5 Qxf5 30. Qxf5 exf5 31. Rfd1 Nf8 32. Rd8 Kf7 33. Bg5 Kg7 34. Bh6+ Kxh6 35. Rxf8 Kh5 36. e6 Rc6 37. Rd7 Rxe6 38. Rxc8 Kg4 39. Kf2 h5 40. Rxa7 Kxf4 41. a4 Re3 42. a5 Rxc3 43. axb6 Rc2+ 44. Ke1 Rxc4 45. b7 Rc1+ 46. Kd2 Rb1 47. b8Q+ 1-0